China or United States? - Statistics

General Stats
  • This quiz has been taken 92 times
  • The average score is 14 of 15
Answer Stats
Question Answer % Correct
Has over 1 billion people China
100%
Borders Tajikistan China
100%
Is part of the dispute over Kashmir China
100%
The Yangtze River is located here China
100%
Country with more countries bordering it China
100%
Is part of NATO United States
100%
Was once ruled by Great Britain United States
100%
Borders two of the five major oceans United States
100%
The Missouri River is located here United States
100%
The Mekang River is located here China
88%
Where paper was invented China
88%
Country with the highest total GDP United States
88%
Is geographically closer to Africa China
75%
Where the chocolate chip cookie was invented United States
75%
Where Mammoth Cave is located United States
75%
No matching quizzes found
Score Distribution
Percent of People with Each Score
Percentile by Number Answered
Your Score History
You have not taken this quiz